000
00315nam a2200145Ia 4500
100
_a
Friedman Daniel P
942
_c
BK
654
_a
computer
245
_a
Essential of Programming Language
260
_b
Prentice Hall
_c
1998
082
_a
5.133
_b
ERI
300
_a
536
546
_a
ENGLISH
999
_c
31706
_d
31706